[Event "IECG CN.1999.0.00151"]
[Site "IECG email"]
[Date "1999.09.29"]
[Round "?"]
[White "Dumurgier, Antoine"]
[Black "Horlings, Erik"]
[Result "1-0"]
[WhiteElo "800"]
[BlackElo "800"]
[PlyCount "46"]
[EventDate "1999.09.29"]
[EventType "tourn (corr)"]
[EventRounds "6"]
[SourceTitle "Corr 2008"]
[Source "ChessBase"]
[SourceDate "2008.06.24"]
[SourceVersion "1"]
[SourceVersionDate "2008.06.24"]
[SourceQuality "1"]

1. e4 e5 2. Bc4 d6 3. d4 Qe7 4. d5 Nf6 5. Nc3 g6 6. Nf3 Bg7 7. Be3 0-0 8. Qd2 c6 9. 0-0-0 a6 10. dxc6 Nxc6 11. Qxd6 Qxd6 12. Rxd6 Ne8 13. Rd2 b5 14. Bd5 Bb7 15. Bc5 Bh6 16. Rhd1 Bxd2+ 17. Rxd2 Rb8 18. Bxf8 Kxf8 19. Ng5 f6 20. Ne6+ Ke7 21. Nc5 Na5 22. b4 Bxd5 23. Nxd5+ Kf7 1-0